000 00370nam a2200157Ia 4500
003 OSt
005 20231211071241.0
008 170524s9999 xx 000 0 und d
020 _a81-7024-978-3
040 _ciimt
100 _aGhosh - G. K.
245 0 _aTourism Perspective in Andaman & Nicobar Islands
260 _bA.P.H. Pub.
260 _c1998
942 _2ddc
_c02
999 _c6762
_d6762